[Event "Bethune op-B 25th"]
[Site "Bethune"]
[Date "2004.12.26"]
[Round "1"]
[White "Clarebout, Julien"]
[Black "Hamad, Hassine"]
[Result "0-1"]
[WhiteElo "1350"]
[BlackElo "1480"]
[PlyCount "74"]
[EventDate "2004.12.26"]
[EventType "swiss"]
[EventRounds "7"]
[EventCountry "FRA"]
[SourceTitle "EXT 2006"]
[Source "ChessBase"]
[SourceDate "2005.11.24"]
[SourceVersion "1"]
[SourceVersionDate "2005.11.24"]
[SourceQuality "1"]

1. e4 Nf6 2. d3 d5 3. f3 e5 4. Nd2 Be7 5. b3 0-0 6. Bb2 dxe4 7. fxe4 Nc6 8. Qe2 Nd4 9. Qd1 c5 10. c3 Nc6 11. Qe2 a6 12. Ngf3 Ng4 13. h3 Bh4+ 14. Nxh4 Qxh4+ 15. Kd1 Nf2+ 16. Kc2 Nxh1 17. Qe3 b6 18. Be2 Ng3 19. Nf3 Qe7 20. Nxe5 Qxe5 21. c4 Nd4+ 22. Bxd4 Qxd4 23. Qxd4 cxd4 24. Bf3 Bb7 25. Re1 Rfe8 26. a4 f5 27. e5 Bxf3 28. gxf3 Re6 29. f4 Nh5 30. Rf1 Rae8 31. b4 Rg6 32. a5 bxa5 33. bxa5 Rg2+ 34. Kb3 Rb8+ 35. Ka3 Rbb2 36. e6 Ra2+ 37. Kb3 Rgb2# 0-1